[Event "Helsinki MatSK op"]
[Site "Helsinki"]
[Date "1995.??.??"]
[Round "?"]
[White "Pikler, Tamas"]
[Black "Haapasalo, Jukka Pekka"]
[Result "0-1"]
[WhiteElo "2085"]
[BlackElo "2240"]

1.e4 c5 2.Nf3 e6 3.d4 cxd4 4.Nxd4 Nc6 5.Nb5 d6 6.c4 Nf6 7.N1c3 a6 8.Na3 b6
9.Be2 Bb7 10.f4 d5 11.cxd5 exd5 12.e5 Ne4 13.Nxe4 dxe4 14.Be3 Bb4+ 15.Kf2 Qe7
16.Rc1 O-O 17.Bxb6 f6 18.e6 e3+ 19.Bxe3 Rfd8 20.Qa4 Nd4 21.Bf3 Nxf3 22.gxf3 Bd2
23.f5 Bxc1 24.Rxc1 Qd6 25.Qf4 Qxf4 26.Bxf4 Rd3 27.Be3 Rc8 28.Rg1 Rd5 29.Bh6 Rc7
30.Nc4 Rxf5 31.Nd6 Rxf3+ 32.Ke2 Rh3 33.Bf4 Re7 34.Nxb7 Rxb7 35.Rc1 g5 36.Bg3 Rxb2+
37.Kf3 Kf8 38.Kg4 Rxg3+ 39.hxg3 Ke7 40.Kf5 Rb5+ 41.Kg4 Kxe6 42.Rc6+ Kf7 43.Rxa6 Kg6
44.a4 Rb3 45.Kh3 h5 46.Kg2 Kf5 47.a5 Ra3 48.Kf2 Kg4 49.Rxf6 Ra2+ 50.Kf1 Kxg3
51.Rf5 Kg4 52.Rb5 Kh4 53.Kg1 g4 54.Kf1 g3 55.Kg1 Kg4 56.Kf1 h4 57.Rb1 Ra4
58.a6 Rxa6 59.Kg2 h3+ 60.Kh1 h2 61.Kg2 Ra2+ 62.Kh1 Kh3  0-1

[Event "Helsinki PC-SuperSto"]
[Site "Helsinki"]
[Date "1995.??.??"]
[Round "?"]
[White "Hartikainen, Markku"]
[Black "Haapasalo, Jukka Pekka"]
[Result "1/2-1/2"]
[WhiteElo "2255"]
[BlackElo "2240"]

1.e4 c5 2.Nf3 e6 3.d4 cxd4 4.Nxd4 Nc6 5.Nb5 d6 6.Bf4 e5 7.Be3 Nf6 8.Bg5 Be6
9.c4 Qa5+ 10.Bd2 Qd8 11.N1c3 a6 12.Na3 Be7 13.Bd3 O-O 14.O-O Nd4 15.Nc2 Nxc2
16.Qxc2 Rc8 17.b3 Nd7 18.Nd5 Bg5 19.Bb4 Nc5 20.Rad1 b5 21.Qb1 Nxd3 22.Qxd3 bxc4
23.bxc4 Kh8 24.Qa3 Rxc4 25.Bxd6 Rg8 26.Bxe5 Rxe4 27.Nc3 Rxe5 28.Rxd8 Bxd8
29.Qxa6 Rc5 30.Ne4 Ra5 31.Qb7 Rxa2 32.Nd6 Rf8 33.f4 Ra5 34.Qb4 Ra6 35.Rd1 Be7
36.f5 Rxd6 37.Rxd6 Bxf5 38.Qd2  1/2-1/2

[Event "HUN-chT1"]
[Site "HUN"]
[Date "1995.??.??"]
[Round "?"]
[White "Lendvai, Noemi"]
[Black "Boronyak, Arpad"]
[Result "0-1"]
[WhiteElo "2105"]
[BlackElo "2310"]

1.e4 c5 2.Nf3 e6 3.d4 cxd4 4.Nxd4 Nc6 5.Nb5 d6 6.c4 Nf6 7.N1c3 a6 8.Na3 Be7
9.g3 O-O 10.Bg2 Rb8 11.O-O Bd7 12.h3 Qc7 13.f4 b5 14.cxb5 axb5 15.Nc2 b4
16.Ne2 d5 17.e5 Ne4 18.Ne3 Qa7 19.Kh2 Bc5 20.Nc2 Rfd8 21.Ne1 Nf2 22.Qd2 Na5
23.Nd3 Nxd3 24.Qxd3 Bb5 25.Qd1 d4 26.Bd2 Nc4 27.Bf3 Nxb2 28.Qb3 Nc4 29.Rad1 Qa6
30.Nc1 Nxd2  0-1

[Event "HUN-chT2 9596"]
[Site "HUN"]
[Date "1995.??.??"]
[Round "5"]
[White "Binder, Tamas"]
[Black "Kakuk, Sandor"]
[Result "1-0"]
[WhiteElo "2240"]
[BlackElo "2240"]

1.e4 c5 2.Nf3 Nc6 3.d4 cxd4 4.Nxd4 e6 5.Nb5 d6 6.N1c3 a6 7.Nd4 Nf6 8.Be2 Be7
9.O-O O-O 10.Be3 Qc7 11.f4 e5 12.Nb3 b5 13.Kh1 Bb7 14.Bf3 Rac8 15.a3 Na5
16.Nxa5 Qxa5 17.Qd3 Qc7 18.f5 Rfe8 19.g4 d5 20.exd5 e4 21.Nxe4 Nxd5 22.c3 Nxe3
23.Qxe3 Bd6 24.Qd3 Bxh2 25.Qc2 Bf4 26.Qg2 Rcd8 27.Rad1 Qb6 28.g5 Rxd1 29.Rxd1 Bxe4
30.Bxe4 Rd8 31.Bd5 Qe3 32.Bxf7+ Kxf7 33.Qb7+ Qe7 34.Qxe7+ Kxe7 35.f6+ gxf6
36.gxf6+ Ke8 37.f7+ Kxf7 38.Rxd8 Bc1 39.b3 Bxa3 40.Ra8 Bb2 41.c4 bxc4 42.bxc4 Ke6
43.Rxa6+ Ke5 44.Ra2 Bd4 45.Rd2 Ke4 46.Kg2 h6 47.Kg3 Be5+ 48.Kg4 Bd4 49.Kh5  1-0

[Event "Ilioupolis"]
[Site "Ilioupolis"]
[Date "1995.??.??"]
[Round "5"]
[White "Vouldis, Angelos"]
[Black "Kalesis, Nikolaos"]
[Result "1/2-1/2"]
[WhiteElo "2325"]
[BlackElo "2410"]

1.e4 c5 2.Nf3 e6 3.d4 cxd4 4.Nxd4 Nc6 5.Nb5 d6 6.Bf4 Ne5 7.N1a3 a6 8.Bxe5 dxe5
9.Qxd8+ Kxd8 10.O-O-O+ Ke7 11.Nd6 b5 12.c4 b4 13.Nc2 a5 14.c5 Bd7 15.Nxf7 Kxf7
16.Rxd7+ Be7 17.f3 Nf6 18.Rb7 Rhc8 19.Bc4 Rxc5 20.b3 Rac8  1/2-1/2

[Event "Katrineholm"]
[Site "Katrineholm"]
[Date "1995.??.??"]
[Round "?"]
[White "Moberg, Karl Johan"]
[Black "Cramling, Pia"]
[Result "1/2-1/2"]
[WhiteElo "2420"]
[BlackElo "2510"]

1.e4 c5 2.Nf3 e6 3.d4 cxd4 4.Nxd4 Nc6 5.Nb5 d6 6.c4 Nf6 7.N1c3 a6 8.Na3 Be7
9.Be2 O-O 10.O-O b6 11.Be3 Ne5 12.f4 Ned7 13.Bf3 Bb7 14.Qe2 Rc8 15.Rac1 h6
16.Rfd1 Qc7 17.g3 Rfe8 18.Kg2 Qb8 19.Nab1 Bc6 20.Nd2 b5 21.cxb5 axb5 22.b4 d5
23.e5 Nh7 24.a3 Nb6 25.Bxb6 Qxb6 26.Nb3 Bd7 27.Be4 Qa7 28.Bxh7+ Kxh7 29.Na5 Qb8
30.Qd3+ Kg8 31.Ne2 Bd8 32.Rxc8 Qxc8 33.Nb3 Bb6 34.Rc1 Qa8 35.Nc5 d4+ 36.Kg1 Bc6
37.Nxd4 Rd8 38.Qe3 Bg2 39.h4 Bh3 40.Rc2 Qd5 41.Kh2 Bg4 42.Ndb3 Qa8 43.Nd4 Rd5
44.Rd2 Qd8 45.Ndb3 Bd1 46.Nd4 Bg4 47.Ndb3 Rxd2+ 48.Nxd2 Qd5 49.Nde4 Qa2+
50.Nf2 h5 51.Kg1 Bf5 52.Qf3 Bg6 53.Qb7 Bxc5 54.bxc5 Qxa3 55.c6 Qxg3+ 56.Kf1 Bd3+
57.Nxd3 Qxd3+ 58.Kf2 Qd2+ 59.Kf3 Qd3+ 60.Kf2 Qd4+ 61.Kg3 Qe3+ 62.Kg2 Qe2+
63.Kg3 Qg4+ 64.Kf2 Qxf4+ 65.Ke2 Qxe5+ 66.Kd3 Qd5+ 67.Kc3 Qc4+ 68.Kb2 Qb4+
69.Ka2 Qc4+ 70.Kb2 Qb4+ 71.Ka2  1/2-1/2

[Event "RUS-sf"]
[Site "Kazan"]
[Date "1995.??.??"]
[Round "2"]
[White "Fedorov, Vladislav"]
[Black "Murzin, Lenar"]
[Result "1/2-1/2"]
[WhiteElo "2445"]
[BlackElo "2265"]

1.e4 c5 2.Nf3 e6 3.d4 cxd4 4.Nxd4 Nc6 5.Nb5 d6 6.c4 Nf6 7.N1c3 a6 8.Na3 Be7
9.Be2 O-O 10.O-O b6 11.Be3 Bb7 12.f4 Rc8 13.Bf3 Qc7 14.Rc1 Nb8 15.Nab1 Rfd8
16.Nd2 Nbd7 17.b4 Qb8 18.Qb3 Ba8 19.a4 a5 20.bxa5 bxa5 21.Rb1 Qxb3 22.Rxb3 d5
23.exd5 Nc5 24.Rb5 exd5 25.Nxd5 Nxd5 26.cxd5 Nxa4 27.Rxa5 Nc3 28.Bb6 Rd6
29.Bc5 Bd8 30.Rxa8 Rxc5 31.Ne4 Nxe4 32.Bxe4 g6  1/2-1/2

[Event "RUS-sf"]
[Site "Kazan"]
[Date "1995.??.??"]
[Round "7"]
[White "Fedorov, Vladislav"]
[Black "Maksyutov, E."]
[Result "1/2-1/2"]
[WhiteElo "2445"]
[BlackElo "2275"]

1.e4 c5 2.Nf3 e6 3.d4 cxd4 4.Nxd4 Nc6 5.Nb5 d6 6.c4 Nf6 7.N1c3 a6 8.Na3 b6
9.Be3 Bb7 10.Be2 Nb8 11.f3 Nbd7 12.O-O Be7 13.Rb1 O-O 14.b4 Rc8 15.Qb3 Qc7
16.Rbc1 Qb8 17.Rfd1 Rfe8 18.Nc2 Bd8 19.Kh1 Bc7 20.Bg1 d5 21.exd5 exd5 22.c5 Bf4
23.Rb1 d4 24.c6 Bxc6 25.Nxd4 Bb7 26.b5 Nc5 27.Qa3 axb5 28.Ndxb5 Ne6  1/2-1/2

[Event "Kemerovo2"]
[Site "Kemerovo"]
[Date "1995.??.??"]
[Round "2"]
[White "Nevostrujev, Vladimir"]
[Black "Trofimov, Sergey"]
[Result "1/2-1/2"]
[WhiteElo "2410"]
[BlackElo "2200"]

1.e4 c5 2.Nf3 e6 3.d4 cxd4 4.Nxd4 Nc6 5.Nb5 d6 6.c4 Nf6 7.N5c3 Be7 8.g3 O-O
9.Bg2 a6 10.O-O Qc7 11.b3 Rb8 12.Bb2 b5 13.Nd2 Ne5 14.cxb5 axb5 15.Qe2 b4
16.Nd1 Qa7 17.Ne3 Ba6 18.Ndc4 Nxc4 19.Nxc4 Rbc8 20.a3 bxa3 21.Rxa3 Bxc4 22.bxc4 Qc7  1/2-1/2

[Event "Krasnodar"]
[Site "Krasnodar"]
[Date "1995.??.??"]
[Round "9"]
[White "Poluljahov, Aleksandr"]
[Black "Tregubov, Pavel V"]
[Result "1/2-1/2"]
[WhiteElo "2450"]
[BlackElo "2515"]

1.e4 c5 2.Nf3 e6 3.d4 cxd4 4.Nxd4 Nc6 5.Nb5 d6 6.c4 Nf6 7.N1c3 a6 8.Na3 b6
9.Be3 Nb8 10.Be2 Bb7 11.f3 Nbd7 12.O-O Qc7 13.Qd2 Be7 14.Rfd1 O-O 15.Rac1 Rac8
16.Bf1 Qb8 17.Kh1 Rfe8 18.Qf2  1/2-1/2

[Event "Leeuwarden op"]
[Site "Leeuwarden"]
[Date "1995.??.??"]
[Round "7"]
[White "Nijboer, Friso"]
[Black "Hjartarson, Johann"]
[Result "1/2-1/2"]
[WhiteElo "2485"]
[BlackElo "2570"]

1.e4 c5 2.Nf3 e6 3.d4 cxd4 4.Nxd4 Nc6 5.Nb5 d6 6.c4 Nf6 7.N1c3 a6 8.Na3 b6
9.Be2 Bb7 10.O-O Be7 11.Be3 Ne5 12.f4 Ned7 13.Bf3 Qc7 14.Qe2 h6 15.Rac1 Rc8
16.g3 Qb8 17.Nab1 O-O 18.Nd2 Qa8 19.Bf2 Rfe8 20.a3 Bf8 21.Rfe1 g6 22.Rcd1 h5
23.e5 dxe5 24.fxe5 Nh7 25.h4 Rc7 26.Bxb7 Qxb7 27.g4 hxg4 28.Qxg4 Bg7 29.Nf3 Rec8
30.Rd4 b5 31.cxb5 axb5 32.h5 gxh5 33.Qxh5 Rc4 34.Ne4 Rxd4 35.Bxd4 Qd5 36.Nd6 Rf8
37.Re2 Ndf6 38.Qh3 Ng5 39.Nxg5 Qxd4+ 40.Kg2 Qg4+ 41.Qxg4 Nxg4 42.Nf3 Rb8
43.Re4 f5 44.exf6 Nxf6 45.Rxe6 Nd5 46.Re8+  1/2-1/2

[Event "Linares zt"]
[Site "Linares"]
[Date "1995.??.??"]
[Round "9"]
[White "Santo Roman, Marc"]
[Black "Berend, Fred"]
[Result "1/2-1/2"]
[WhiteElo "2485"]
[BlackElo "2415"]

1.e4 c5 2.Nf3 e6 3.d4 cxd4 4.Nxd4 Nc6 5.Nb5 d6 6.c4 Nf6 7.N5c3 b6 8.Be2 Bb7
9.Bf4 a6 10.O-O Qc7 11.Re1 Be7 12.Nd2 O-O 13.Rc1 Ne5 14.Bg3 Rfe8 15.b4 Rac8
16.a3 Qb8 17.Bf1 Qa8 18.f4 Ng6 19.e5 dxe5 20.fxe5 Nd7 21.Nf3 Red8 22.Qe2 a5
23.Rb1 h5 24.Ne4 h4 25.Bf2 h3 26.Bg3 hxg2 27.Bxg2 axb4 28.axb4 Qa3 29.Nd6 Bxf3
30.Bxf3 Ndxe5 31.Nxc8 Nxf3+ 32.Kh1 Rxc8 33.Ra1 Qxb4 34.Qxf3 Qxc4 35.Ra8 Nf8
36.Rxc8 Qxc8 37.Ra1 Qc2 38.Ra7 Qc5 39.Qb7 Ng6 40.Ra8+ Kh7 41.Qe4 Qc1+ 42.Kg2 Qd2+
43.Kf1 Qd1+ 44.Kg2 Bc5 45.Qc4 Qg1+ 46.Kh3 Qe3 47.Qg4 Qh6+ 48.Kg2 Qd2+ 49.Kh3 Qd5
50.Ra7 Kg8 51.Rc7 Ne7 52.Qh4 f6 53.Qg4 Qf5 54.Qxf5 Nxf5 55.Kg4 Kh7 56.Bf4 Ne7
57.Rb7 Nd5 58.h4 f5+ 59.Kf3 Bd4 60.Rd7 Kg6 61.Bd2 Bc5 62.h5+ Kf6 63.Be1 Bd4
64.Bd2 Be5 65.Ke2 Bb2 66.Kf3 Bd4 67.Kg3 Bc5 68.Kf3 b5 69.Be1 Bd4 70.Ba5 Kg5
71.Rd6 b4 72.Bxb4 Nxb4 73.Rxd4 Nd5 74.Ra4 Nf6 75.h6 gxh6 76.Ra7 Ng4 77.Rg7+ Kf6
78.Rg8 e5 79.Rf8+ Kg6 80.Rg8+ Kf7 81.Ra8 h5 82.Kg3 Nf6 83.Kh4 Kg6 84.Ra5 e4
85.Re5 Ng4 86.Re6+ Kf7 87.Ra6 e3 88.Kg3 Ne5 89.Ra2 Ng6 90.Kf3 f4 91.Ra5 h4
92.Rh5 Kf6 93.Ra5 Kf7 94.Rb5 Kg7 95.Rh5 Kf6 96.Ra5 h3 97.Rh5 Ne5+ 98.Ke2 Nc6
99.Rxh3 Nd4+ 100.Kd3 Ke5 101.Rh5+ Nf5 102.Rg5 Ke6 103.Rg8 Ng3 104.Rxg3  1/2-1/2

[Event "Ljubljana op"]
[Site "Ljubljana"]
[Date "1995.??.??"]
[Round "2"]
[White "Susnik, Matej"]
[Black "Gostisa, Leon"]
[Result "0-1"]
[WhiteElo "2190"]
[BlackElo "2430"]

1.e4 c5 2.Nf3 e6 3.d4 cxd4 4.Nxd4 Nc6 5.Nb5 d6 6.c4 Nf6 7.N1c3 a6 8.Nd4 Be7
9.Be2 O-O 10.O-O Qc7 11.Be3 Bd7 12.Rc1 Nxd4 13.Qxd4 Rac8 14.f4 Rfd8 15.Kh1 Qb8
16.a4 Bc6 17.b4 d5 18.cxd5 exd5 19.e5 Ne4 20.Bg4 Rc7 21.Nxe4 dxe4 22.Qb6 Rd5
23.Bf5 Bd8 24.Bxe4 Bxa4 25.Qa7 Qxa7 26.Bxa7 Rdd7 27.Rxc7 Bxc7 28.Bxb7 Bd8
29.Bxa6 Rxa7 30.Bc4 Rb7 31.e6 fxe6 32.Bxe6+ Kf8 33.Rb1 Be7 34.Bd5 Rxb4 35.Rxb4 Bxb4
36.Kg1 Bc5+ 37.Kf1 Bb5+ 38.Ke1 Be3 39.Kd1 Bxf4 40.h3 Bd3  0-1

[Event "POL-chT"]
[Site "Lubniewice"]
[Date "1995.??.??"]
[Round "1"]
[White "Blehm, Pawel"]
[Black "Nowak, Ignacy"]
[Result "1/2-1/2"]
[WhiteElo "2340"]
[BlackElo "2400"]

1.e4 c5 2.Nf3 Nc6 3.d4 cxd4 4.Nxd4 e6 5.Nb5 d6 6.c4 Nf6 7.N1c3 a6 8.Na3 b6
9.Be2 Bb7 10.O-O Nb8 11.f3 Nbd7 12.Be3 Be7 13.Qd2 O-O 14.Rfd1 Qb8 15.Bf1 Re8
16.Kh1 Kh8 17.Rac1 Ra7 18.Nc2 Ba8 19.b4 Rc7 20.Rb1 Rcc8 21.Bf4 Ne5 22.c5 dxc5
23.Bxa6 Rcd8 24.Qe2 Rxd1+ 25.Nxd1 cxb4 26.Nxb4 Bd6 27.Bd3  1/2-1/2

[Event "Fide Mercenarios 5th"]
[Site "MEX"]
[Date "1995.??.??"]
[Round "8"]
[White "Sanchez, F."]
[Black "Guevara, Mario"]
[Result "0-1"]
[WhiteElo "2000"]
[BlackElo "2260"]

1.e4 c5 2.Nf3 e6 3.d4 cxd4 4.Nxd4 Nc6 5.Nb5 d6 6.Bf4 e5 7.Be3 a6 8.N5c3 Be6
9.Be2 Be7 10.O-O Nf6 11.Nd5 Bxd5 12.exd5 Nb8 13.c4 Nbd7 14.b4 b6 15.Nc3 O-O
16.Bd3 g6 17.g4 Ne8 18.Bh6 Ng7 19.Qd2 Nf6 20.f3 Rc8 21.Kh1 Re8 22.Rg1 Kh8
23.h4 Ng8 24.Bxg7+ Kxg7 25.h5 Bg5 26.Qh2 Bf4 27.Qh3 b5 28.Kg2 bxc4 29.Be2 Nf6
30.Rh1 Qb6 31.hxg6 hxg6 32.g5 Bxg5 33.Ne4 Rh8 34.Qg3 Bf4 35.Qe1 Rxh1 36.Qxh1 Rh8  0-1

[Event "Mlada Boleslav op"]
[Site "?"]
[Date "1995.??.??"]
[Round "?"]
[White "Voitsekhovsky, Stanislav"]
[Black "Chloupek, Stanislav"]
[Result "1-0"]
[WhiteElo "2500"]
[BlackElo "2305"]

1.e4 c5 2.Nf3 e6 3.d4 cxd4 4.Nxd4 Nc6 5.Nb5 d6 6.c4 Nf6 7.N1c3 a6 8.Na3 Be7
9.Be2 O-O 10.O-O b6 11.Be3 Ne5 12.f4 Ned7 13.Bf3 Bb7 14.Qe2 Re8 15.Rad1 Qc7
16.Nab1 Nc5 17.Bf2 Rac8 18.Nd2 Red8 19.Rc1 Qb8 20.b4 Ncd7 21.a3 Ne8 22.Bg3 Ba8
23.e5 g6 24.Bg4 Ng7 25.Nde4 Nf5 26.Bxf5 exf5 27.Nxd6 Bxd6 28.exd6 Nf6 29.c5 bxc5
30.bxc5 Rxc5 31.Bh4 Rxd6 32.Bxf6 Rxf6 33.Ne4 Bxe4 34.Rxc5 Rb6 35.Qc4 Qd6
36.Qc3 Qf6 37.Qxf6 Rxf6 38.Rd1 Rb6 39.Rc7 Rb5 40.a4 Ra5 41.Rd4 Bd5 42.Kf2 Bb3
43.Rc3 Be6 44.Ke3 Kg7 45.Kd3 h6 46.g3 g5 47.Kc2 Kg6 48.Rc6 gxf4 49.gxf4 Kh5
50.Kc3 Kg4 51.Kb4 Rd5 52.Rxd5 Bxd5 53.Rxa6 Kxf4 54.Kc5 Ke5 55.Rd6 Be4 56.Rd7 Kf4
57.a5 Ke3 58.Re7 Kd3 59.a6 Bg2 60.Rxf7 Ke4 61.a7 Ke5 62.Re7+ Kf6 63.Re8  1-0

[Event "Mlada Boleslav op"]
[Site "?"]
[Date "1995.??.??"]
[Round "?"]
[White "Carlsson, Daniel"]
[Black "Hellsten, Johan"]
[Result "0-1"]
[WhiteElo "2125"]
[BlackElo "2430"]

1.e4 c5 2.Nf3 Nc6 3.d4 cxd4 4.Nxd4 e6 5.Nb5 d6 6.c4 Nf6 7.N1c3 a6 8.Na3 Be7
9.Be2 O-O 10.O-O b6 11.Be3 Bb7 12.Qb3 Nd7 13.Rad1 Nc5 14.Qc2 Rc8 15.f3 Qc7
16.Qb1 Bf6 17.Rd2 Bxc3 18.bxc3 Rb8 19.Qe1 Ne7 20.Qg3 e5 21.Rfd1 Rbd8 22.h4 f5
23.Bh6 Ne6 24.Bg5 Nxg5 25.Qxg5 fxe4 26.fxe4 Qc5+ 27.Kh2 Rf6 28.Nc2 Bxe4 29.Qe3 Bxc2
30.Qxc5 bxc5 31.Rxc2 Rb8 32.Rcd2 Nf5 33.Rf1 Rb6 34.h5 Nh6 35.Kg3 Kf7 36.Rxf6+ gxf6
37.Bd3 f5 38.Rf2 Ke6 39.Kh4 e4 40.Be2 Ke5 41.Kg5 Nf7+  0-1

[Event "Moscow op"]
[Site "Moscow"]
[Date "1995.??.??"]
[Round "7"]
[White "Nevostrujev, Vladimir"]
[Black "Kalegin, Evgenij"]
[Result "0-1"]
[WhiteElo "2425"]
[BlackElo "2450"]

1.e4 c5 2.Nf3 e6 3.d4 cxd4 4.Nxd4 Nc6 5.Nb5 d6 6.c4 Nf6 7.N1c3 a6 8.Na3 b6
9.Be2 Bb7 10.O-O Nb8 11.f3 Nbd7 12.Be3 Be7 13.Qd2 O-O 14.Rfd1 Qc7 15.Rac1 Rac8
16.Kh1 Qb8 17.Bg1 Kh8 18.Nc2 Rg8 19.Ne3 g5 20.b4 Rg6 21.Ng4 Nxg4 22.fxg4 Ne5
23.Qb2 Kg8 24.c5 dxc5 25.bxc5 b5 26.a4 Bxc5 27.Bxc5 Rxc5 28.axb5 axb5 29.Nd5 Rxd5
30.exd5 Bxd5 31.Rc5 Rh6 32.Rxb5 Rxh2+ 33.Kg1 Rxg2+ 34.Kf1 Qa7 35.Rd4 Rh2
36.Rb6 Nd7 37.Rbb4 Rh1+ 38.Kf2 e5 39.Qd2 h6 40.Ra4 Qb6  0-1

[Event "New York op"]
[Site "New York"]
[Date "1995.??.??"]
[Round "6"]
[White "Nijboer, Friso"]
[Black "Chow, Albert"]
[Result "1-0"]
[WhiteElo "2510"]
[BlackElo "2300"]

1.e4 c5 2.Nf3 e6 3.d4 cxd4 4.Nxd4 Nc6 5.Nb5 d6 6.c4 Nf6 7.N1c3 a6 8.Na3 d5
9.cxd5 exd5 10.exd5 Nb4 11.Be2 Nfxd5 12.O-O Be7 13.Nxd5 Nxd5 14.Bf3 Be6 15.Nc2 O-O
16.Nd4 Bc8 17.Qb3 Bf6 18.Rd1 Qb6 19.Qxd5 Rd8 20.Qe4 Bxd4 21.Be3 Bxe3 22.Qxe3 Qf6
23.Rxd8+ Qxd8 24.Rd1 Qf8 25.Qb6 Be6 26.Bxb7 Rb8 27.b3 a5 28.Qxa5 g6 29.Bf3 h5
30.h3 Kh7 31.Be4 Qh6 32.Qe5 Rc8 33.f4  1-0

[Event "JUG-ch sf"]
[Site "Nis"]
[Date "1995.??.??"]
[Round "?"]
[White "Tosic, Miroslav"]
[Black "Marjanovic, Slavoljub"]
[Result "1/2-1/2"]
[WhiteElo "2420"]
[BlackElo "2425"]

1.e4 c5 2.Nf3 e6 3.d4 cxd4 4.Nxd4 Nc6 5.Nb5 d6 6.c4 Nf6 7.N1c3 a6 8.Na3 b6
9.g3 Bb7 10.Bg2 Qc7  1/2-1/2

[Event "Novgorod op"]
[Site "Novgorod"]
[Date "1995.??.??"]
[Round "6"]
[White "Borisenko, Andrei"]
[Black "Tregubov, Pavel V"]
[Result "1/2-1/2"]
[WhiteElo "2420"]
[BlackElo "2510"]

1.e4 c5 2.Nf3 e6 3.d4 cxd4 4.Nxd4 Nc6 5.Nb5 d6 6.c4 Nf6 7.N1c3 a6 8.Na3 b6
9.Be2 Bb7 10.O-O Nb8 11.f3 Nbd7 12.Nc2 Qc7 13.Ne3 Be7 14.Qd2 Rc8 15.Rd1 O-O
16.Bf1 Rfe8 17.Kh1 Kh8 18.Qe1 Bd8 19.Qf2 Qb8 20.Rb1 Bc7 21.h3 Bd8 22.Bd2 Nh5
23.Ng4 Ba8 24.b4 f5 25.exf5 exf5 26.Ne3 f4 27.Ned5 Rf8 28.Qd4 Ng3+ 29.Kg1 Ne5
30.c5 bxc5 31.bxc5 Qa7 32.Bxf4 Nf5 33.Qa4 Qxc5+ 34.Kh1 Ng6 35.Bh2 Bh4 36.Qg4 Ne5
37.Qa4 Bxd5 38.Nxd5 Ng3+ 39.Bxg3 Bxg3 40.Qxa6 Qf2 41.Qe2  1/2-1/2

[Event "Odorheiu Secuiesc zt"]
[Site "Odorheiu Secuiesc"]
[Date "1995.??.??"]
[Round "2"]
[White "Ninov, Nikolai"]
[Black "Horvath, Jozsef"]
[Result "1/2-1/2"]
[WhiteElo "2435"]
[BlackElo "2520"]

1.e4 c5 2.Nf3 e6 3.d4 cxd4 4.Nxd4 Nc6 5.Nb5 d6 6.Bf4 e5 7.Be3 a6 8.N5c3 Nf6
9.Bc4 Be7 10.Nd5 Nxd5 11.Bxd5 O-O 12.Qd2 Be6 13.Nc3 Rc8 14.O-O b5 15.a3 Qc7
16.Rfc1 Na5 17.a4 b4 18.Na2 Bxd5 19.Qxd5 Nc4 20.Nxb4 a5 21.Nd3 Nxe3 22.fxe3 Bg5
23.Kh1 Bxe3 24.Re1 Bb6 25.Re2 g6 26.Rf1 Kg7 27.g4 Qc6 28.Qxc6 Rxc6 29.Rf3 Rfc8
30.Ne1 Bd4 31.c3 Ba7 32.Rd3 Ra6 33.Nc2 Bc5 34.b4 axb4 35.cxb4 Ba7 36.a5 Rac6
37.Na3 Rc1+ 38.Kg2 Rg1+ 39.Kf3 Rcc1 40.Rg2 Rgf1+ 41.Kg3 d5 42.Nb5 dxe4 43.Ra3 Bg1
44.a6 g5 45.a7 Bxa7 46.Nxa7 Ra1 47.Rga2 Rf3+ 48.Rxf3 Rxa2 49.Rf5 Rxa7 50.Rxe5 Ra3+
51.Kg2 Ra2+ 52.Kg3 Ra3+ 53.Kg2  1/2-1/2

[Event "CZE-ch"]
[Site "Olomouc"]
[Date "1995.??.??"]
[Round "?"]
[White "Kalod, Radek"]
[Black "Suran, Jan"]
[Result "1-0"]
[WhiteElo "2210"]
[BlackElo "2215"]

1.e4 c5 2.Nf3 e6 3.d4 cxd4 4.Nxd4 Nc6 5.Nb5 d6 6.c4 Nf6 7.N1c3 a6 8.Na3 Be7
9.Be3 O-O 10.Be2 b6 11.O-O Bb7 12.f3 Nd7 13.Rc1 Qb8 14.Qd2 Qa7 15.Nc2 Rac8
16.Rfd1 Qb8 17.Bf1 Rfe8 18.Qf2 Nce5 19.Na3 Bd8 20.b4 Bc7 21.Nc2 Ba8 22.Nd4 Nf6
23.h3 Ng6 24.Nde2 h6 25.a3 Rcd8 26.Kh1 Kh8 27.Na4 Nd7 28.Nec3 Bc6 29.Nb2 Ba8
30.Rc2 Nf6 31.Nba4 Nd7 32.Rdc1 Rc8 33.c5 dxc5 34.Bxa6 Bg3 35.Qg1 Rcd8 36.bxc5 Nxc5
37.Nxc5 bxc5 38.Ne2 Qb6 39.Nxg3 Qxa6 40.Bxc5 Nf4 41.Rd1 Bc6 42.Rxd8 Rxd8
43.Bb6 Rc8 44.Qe3 Qd3 45.Qxd3 Nxd3 46.Rc3 Nb2 47.Bd4 Na4 48.Rc4 Kg8 49.e5 Bd7
50.Rxc8+ Bxc8 51.Ne4 Kf8 52.Nd6 Bd7 53.Kg1 Ke7 54.Kf2 Bc6 55.f4 h5 56.g3 g6
57.g4 hxg4 58.hxg4 f5 59.gxf5 gxf5 60.Kg3 Kf8 61.Kh4 Kg7 62.Kg5 Bd5 63.Ne8+ Kf7
64.Nf6 Bb3 65.Kh6 Bc2 66.Nh7 Bb3 67.Ng5+ Ke7 68.Kg7 Bd1 69.Nf7 Bb3 70.Nh8 Kd7
71.Ng6 Kc6 72.Ne7+ Kb5 73.Kf6 Kc4 74.Nxf5 Kd5 75.Ng7 Kxd4 76.Nxe6+ Kd5 77.f5 Nc3
78.Ng5 Kc6 79.e6 Nd5+ 80.Ke5 Kc7 81.f6 Kd8 82.f7 Ke7 83.Nh7  1-0

[Event "HUN-ch U20"]
[Site "Paks"]
[Date "1995.??.??"]
[Round "?"]
[White "Czebe, Attila"]
[Black "Boros, Daniel"]
[Result "1/2-1/2"]
[WhiteElo "2430"]
[BlackElo "2285"]

1.e4 c5 2.Nf3 e6 3.d4 cxd4 4.Nxd4 Nc6 5.Nb5 d6 6.c4 Nf6 7.N1c3 a6 8.Na3 Be7
9.Be2 O-O 10.O-O b6 11.Be3 Bb7 12.Qa4 Ne5 13.f3 Qc7 14.Rac1 Rac8 15.b4 Ned7
16.Rfd1 Rfd8 17.Qb3 Qb8 18.Nc2 h6 19.Nd4 Bf8 20.Bf2 Qa8 21.a3 d5 22.exd5 exd5
23.Nf5 dxc4 24.Bxc4 Ne5 25.Be2 b5 26.Bd4 Re8 27.a4 bxa4 28.Nxa4 Rxc1 29.Rxc1 Qd8
30.Qb2 Qd5 31.Nc5 Bc8 32.Ne3 Qd6 33.b5 axb5 34.Bxb5 Bd7 35.f4 Ng6 36.Nc4 Qe7
37.Ne5 Bxb5 38.Nxg6 fxg6 39.Qxb5 Rd8 40.Qc4+ Qf7  1/2-1/2

[Event "HUN-ch U18"]
[Site "Paks"]
[Date "1995.??.??"]
[Round "?"]
[White "Turzo, Attila"]
[Black "Szuk, Balazs"]
[Result "1/2-1/2"]
[WhiteElo "2265"]
[BlackElo "2335"]

1.e4 c5 2.Nf3 e6 3.d4 cxd4 4.Nxd4 Nc6 5.Nb5 d6 6.c4 Nf6 7.N1c3 a6 8.Na3 Be7
9.Be2 O-O 10.O-O b6 11.Be3 Ne5 12.f3 Bb7 13.Qd2 Qc7 14.Rfd1 Rfe8 15.Rac1 Rac8
16.Bf1 Bf8 17.Kh1 Ned7 18.Nc2 Qb8 19.Bg1 Ba8 20.b3 Red8 21.Ne3 Bb7 22.Qb2 Bc6
23.a4 a5 24.g3 Nc5 25.Bg2 Rd7 26.Nb5 Ne8 27.Rc2 Rcd8 28.Rcd2 Nc7 29.Nc3 Qa8
30.Nc2 Be7 31.Bd4 Bf8 32.Ne2 d5 33.cxd5 exd5 34.e5 b5 35.axb5 Nxb5 36.Bxc5 Bxc5
37.Ncd4 Nxd4 38.Nxd4 Bxd4 39.Rxd4 Qb8 40.f4 Rb7 41.Qc3 Rc8 42.Qxa5  1/2-1/2

[Event "Paris op"]
[Site "Paris"]
[Date "1995.??.??"]
[Round "?"]
[White "Murrey, Jacob"]
[Black "Tseitlin, Mark D"]
[Result "1-0"]
[WhiteElo "2495"]
[BlackElo "2495"]

1.e4 c5 2.Nf3 e6 3.d4 cxd4 4.Nxd4 Nc6 5.Nb5 d6 6.c4 Nf6 7.N5c3 Be7 8.Be2 O-O
9.O-O b6 10.Be3 Bb7 11.a3 Rc8 12.b3 Ne5 13.f4 Ng6 14.Qd3 Qc7 15.g3 Rfd8 16.Bf3 h5
17.Ra2 Ng4 18.Bxg4 hxg4 19.Rd2 Bc6 20.Qe2 Qb7 21.Bf2 d5 22.exd5 exd5 23.f5 Ne5
24.Qxe5 dxc4 25.Rfd1 Rxd2 26.Rxd2 cxb3 27.Bd4 Bf6 28.Qf4 Bxd4+ 29.Qxd4 Bf3
30.Qd7 Qb8 31.Qd6 Qb7 32.f6 b5 33.fxg7 Kxg7 34.Qe5+ f6 35.Qe6 Rc7 36.Rd8 Rf7
37.Nd5 a5 38.Nxf6 Qa7+ 39.Kf1 Be2+ 40.Kxe2 Re7 41.Rg8+ Kh6 42.Nxg4+ Kh7 43.Nf6+ Kh6
44.Rh8+ Kg6 45.Rh6+  1-0

[Event "World op"]
[Site "Philadelphia"]
[Date "1995.??.??"]
[Round "1"]
[White "Song, Paul"]
[Black "McCarthy, Brian"]
[Result "1-0"]
[WhiteElo "2175"]
[BlackElo "2290"]

1.e4 c5 2.Nf3 e6 3.d4 cxd4 4.Nxd4 Nc6 5.Nb5 d6 6.c4 Nf6 7.N1c3 a6 8.Na3 b6
9.Be2 Bb7 10.O-O Nb8 11.Bg5 Be7 12.f3 Nbd7 13.Rc1 O-O 14.Bf4 Ne5 15.Bxe5 dxe5
16.Qxd8 Rfxd8 17.Rfd1 Rxd1+ 18.Rxd1 Rd8 19.Rxd8+ Bxd8 20.Kf2 Nd7 21.Bd1 Be7
22.Nc2 Nc5 23.Ke2 a5 24.Ne1 Ba6 25.b3 f6 26.Nd3 Nd7 27.Kd2 Kf7 28.Be2 Nc5
29.Nxc5 Bxc5 30.Na4 Bd4 31.Bd3 Ke7 32.a3 Bc5 33.Nxc5 bxc5 34.Kc3 Kd6 35.b4 axb4+
36.axb4 Bc8 37.Bc2 Bd7 38.Kb3 Kc6 39.Ka3 Kb6 40.Ba4 Bc8 41.Be8 f5 42.Ba4 Ba6
43.b5 Bb7 44.Bc2 g6 45.Kb3 Ka5 46.Kc3 h6 47.g3 f4 48.Bd3 g5 49.Bf1 h5 50.Kd3 g4
51.Be2 h4 52.gxh4 g3 53.hxg3 fxg3 54.Bf1 Bc8 55.h5 Bd7 56.h6  1-0

[Event "Prague Bohemians"]
[Site "Prague"]
[Date "1995.??.??"]
[Round "11"]
[White "Pachmann, Ales"]
[Black "Orsag, Milan"]
[Result "1/2-1/2"]
[WhiteElo "2230"]
[BlackElo "2390"]

1.e4 c5 2.Nf3 e6 3.d4 cxd4 4.Nxd4 Nc6 5.Nb5 d6 6.Bf4 e5 7.Be3 Nf6 8.Bg5 a6
9.N5c3 Be6 10.Nd2 Be7 11.Bc4 Rc8 12.O-O O-O 13.Bxf6 Bxf6 14.Nd5 Bg5 15.Nf3 Bh6
16.c3 Kh8  1/2-1/2

[Event "Rishon Le Ziyyon YM-IM"]
[Site "Rishon Le Ziyyon"]
[Date "1995.??.??"]
[Round "1"]
[White "Stisis, Yaacov"]
[Black "Gershon, Alik"]
[Result "1-0"]
[WhiteElo "2405"]
[BlackElo "2340"]

1.e4 c5 2.Nf3 e6 3.d4 cxd4 4.Nxd4 Nc6 5.Nb5 d6 6.c4 Nf6 7.N5c3 Be7 8.Be2 O-O
9.O-O b6 10.a3 Bb7 11.f4 a6 12.Be3 Nb8 13.Bf3 Nbd7 14.Nd2 Qc7 15.g4 Rfd8
16.g5 Ne8 17.h4 d5 18.cxd5 Bc5 19.Bxc5 Nxc5 20.Bg2 Nd3 21.Qf3 Nxb2 22.Rab1 Qc5+
23.Rf2 Qxa3 24.dxe6 fxe6 25.Qh3 Nc7 26.Bf1 b5 27.Nxb5 Qxh3 28.Bxh3 axb5 29.Rxb2 Ra3
30.Bg2 Rc3 31.Nf1 Bc6 32.Rfd2 Rb8 33.Rdc2 Rxc2 34.Rxc2 Rb6 35.Nd2 Na6 36.Nb3 b4
37.Nd4 b3 38.Nxb3 Bxe4 39.Bxe4 Rxb3 40.Rc8+ Kf7 41.Bxh7 Rb8 42.Rc6 Ra8 43.h5 Ke7
44.Kg2 Kd7 45.Be4 Ra7 46.h6  1-0

[Event "San Salvador zt"]
[Site "San Salvador"]
[Date "1995.??.??"]
[Round "?"]
[White "Davila, Carlos"]
[Black "Pineda, Boris"]
[Result "1-0"]
[WhiteElo "2310"]
[BlackElo "2255"]

1.e4 c5 2.Nf3 e6 3.d4 cxd4 4.Nxd4 Nc6 5.Nb5 d6 6.c4 Nf6 7.N1c3 a6 8.Na3 Be7
9.Be2 O-O 10.O-O b6 11.Be3 Bb7 12.Qb3 Nd7 13.Rfd1 Nc5 14.Qc2 Bf6 15.f3 Rc8
16.Bf1 Qe7 17.Qd2 Be5 18.Nc2 f5 19.exf5 Rxf5 20.f4 Bxc3 21.Qxc3 Ne4 22.Qe1 e5
23.fxe5 Rcf8 24.Qe2 Nxe5 25.Nd4 Rf2 26.Bxf2 Rxf2 27.Qh5 g6 28.Qh3 Ng5 29.Qb3 Nef3+
30.Kxf2 Nh3+ 31.gxh3 Qh4+ 32.Ke2 Nxd4+ 33.Rxd4 Qxd4 34.Rd1 Qe5+ 35.Qe3 Bf3+
36.Kxf3 Qh5+ 37.Kg3 Qxd1 38.Bg2 Kg7 39.Bd5 Kf6 40.Qe6+ Kg7 41.Qf7+  1-0